The Courtships of Queen Elizabeth: A History of the various negotiations for her marriage. By Martin Hume. Revised edition with new chapters. Colonial edition. This edition is issued for circulation in India and the British Colonies only

Uloženo v:
Podrobná bibliografie
Hlavní autor: Hume, Martin (Autor)
Médium: Kniha
Jazyk:angličtina
Vydáno: Londres George Bell and sons 1904
Vydání:2a. ed
Témata:
Tagy: Přidat tag
Žádné tagy, Buďte první, kdo vytvoří štítek k tomuto záznamu!

MARC

LEADER 00000nam a2200000 a 4500
001 UCJ5908
003 CL-VaPUC
008 070124e19040300UK |||||||||||||||||eng|d
082 0 4 |a 923  |b ISA  |2 21 
100 0 |a Hume, Martin  |e author  |9 511851 
245 1 4 |a The Courtships of Queen Elizabeth: A History of the various negotiations for her marriage. By Martin Hume. Revised edition with new chapters. Colonial edition. This edition is issued for circulation in India and the British Colonies only 
250 |a 2a. ed 
300 |a viii, 404 p 
942 |c BK 
945 |d 20070124 00:00:00  |a rinostro 
260 |a Londres  |b George Bell and sons  |c 1904 
500 |a Front., retrato de la reina Isabel I, de Inglaterra, reproducción de una pintura de Zucchero 
600 0 7 |a ISABEL I DE INGLATERRA  |2 CL-VaPUC  |9 507748 
650 7 |a BIOGRAFIA  |2 CL-VaPUC  |9 504622 
650 0 |a Iconografía   |9 267998 
650 0 |a Diplomacia  |9 256483 
650 7 |a GUERRAS RELIGIOSAS  |2 CL-VaPUC  |9 510927 
650 0 |a Iglesia Católica  |9 256114 
650 0 |a Anglicanismo   |9 347523 
651 0 |a Inglaterra  |9 255158 
583 |a last modification  |c 20130515 01:20:59  |k Rodrigo Vera 
999 |c 322016  |d 322014 
952 |0 0  |1 0  |4 0  |6 923_000000000000000_ISA_1904  |7 0  |8 X  |9 400921  |a FDOBUD  |b FDOBUD  |d 2019-11-22  |i 1041452  |o 923 ISA 1904  |p 1041452  |r 2019-11-22  |w 2019-11-22  |y BK_X  |k BUD